[Event "Winter Server Series, S81081"]
[Site "CCLA"]
[Date "2018.01.27"]
[Round "?"]
[White "Sanchez, David A."]
[Black "Hodgkins, Neil C."]
[Result "1-0"]
[WhiteElo "1451"]
[BlackElo "1462"]

1. d4 Nf6 2. c4 e6 3. g3 Be7 4. Bg2 d5 5. Nf3 O-O 6. O-O Re8 7. Nc3 b6 8. 
Bf4 c5 9. Ne5 Bb7 10. Qb3 cxd4 11. Nb5 Bc5 12. Nd3 Na6 13. Qc2 Qd7 14. Be5
Ne4 15. Bxd4 Bxd4 16. Nxd4 Nc7 17. Rfd1 e5 18. Nf3 f6 19. cxd5 Bxd5 20. 
Nb4 Nc5 21. Nxd5 Nxd5 22. e4 Nxe4 23. Qxe4 Rad8 24. Nh4 Qf7 25. Qxd5 Qxd5 
26. Rxd5 Rxd5 27. Bxd5+ Kf8 28. Rc1 g6 29. Rc7 Rd8 30. Bb3 Ke8 31. Ba4+ 
Kf8 32. Rxh7 g5 33. Ng6+ 1-0

[Event "Winter Server Series, S81081"]
[Site "CCLA"]
[Date "2018.01.27"]
[Round "?"]
[White "Sanchez, David A."]
[Black "Fullen, Peter J."]
[Result "1/2-1/2"]
[WhiteElo "1451"]
[BlackElo "1352"]

1. d4 g6 2. c4 e6 3. Nc3 Bg7 4. g3 Ne7 5. Bg2 O-O 6. Nf3 d5 7. O-O Nbc6 8.
 Re1 a6 9. cxd5 exd5 10. Bf4 Bg4 11. e3 Qd7 12. Qb3 b5 13. Rac1 b4 14. Ne2
Rab8 15. Qd3 a5 16. Ne5 Nxe5 17. dxe5 h6 18. e4 Nc6 19. Qxd5 Qxd5 20. exd5
Nxe5 21. Rcd1 Bf3 22. Bxe5 Bxg2 23. Bxg7 Kxg7 24. Kxg2 Rfe8 25. Rc1 b3 26.
 a3 Rb5 27. Nc3 Rbb8 28. f3 Red8 29. Re7 Rb7 30. Nb5 Rxb5 31. Rcxc7 Rbxd5 
32. Rxf7+ 1/2-1/2

[Event "Winter Server Series, S81081"]
[Site "CCLA"]
[Date "2018.01.27"]
[Round "?"]
[White "Sanchez, David A."]
[Black "Acosta, Errol"]
[Result "0-1"]
[WhiteElo "1451"]
[BlackElo "1312"]

1. d4 e6 2. c4 f5 3. g3 Nf6 4. Bg2 Be7 5. Nc3 O-O 6. Nh3 d5 7. O-O Nbd7 8.
 cxd5 exd5 9. Nxd5 Nxd5 10. Bxd5+ Kh8 11. Nf4 Nf6 12. Ne6 Qxd5 13. Nxc7 
Qc6 14. Nxa8 b6 15. Nxb6 axb6 16. Bf4 Nd5 17. Qd2 Nxf4 18. Qxf4 Bb7 19. 
Qf3 Qc8 20. Qb3 f4 21. f3 Qh3 22. g4 Bh4 0-1

[Event "Winter Server Series, S81081"]
[Site "CCLA"]
[Date "2018.01.27"]
[Round "?"]
[White "Sanchez, David A."]
[Black "Simonson, Jay"]
[Result "1-0"]
[WhiteElo "1451"]
[BlackElo "1284"]

1. d4 d5 2. c4 c6 3. Nc3 Nf6 4. Nf3 g6 5. e3 Bg7 6. cxd5 cxd5 7. Bb5+ Bd7 
8. Qb3 O-O 9. Nxd5 Qa5+ 10. Bd2 Qxb5 11. Qxb5 Bxb5 12. Nc7 Nc6 13. Nxb5 
Rad8 14. Nc3 Nb4 15. Ke2 Nc6 16. a3 Nh5 17. Rac1 Rd6 18. Ne4 Rd7 19. b4 f5
20. Nc5 Rd6 21. Nxb7 Rdf6 22. b5 Nb8 23. Rc7 Re8 24. Nc5 a6 25. Rb1 f4 26.
 g4 fxe3 27. fxe3 Ref8 28. Rf1 e6 29. Ne4 R6f7 30. Rxf7 Rxf7 31. gxh5 gxh5
32. Rb1 Bf8 33. a4 Be7 34. bxa6 Nxa6 35. Rb6 Nc7 36. a5 Kg7 37. Nfg5 Rf5 
38. Nxe6+ Nxe6 39. Rxe6 Kf7 40. Nd6+ Bxd6 41. Rxd6 Rg5 42. a6 Rg2+ 43. Kd1
Rg1+ 44. Be1 Rg2 45. a7 Ra2 46. Rd7+ Kg6 47. Bb4 h6 48. Bc5 Kf6 49. Rd8 
Rxa7 50. Bxa7 Ke7 51. Rh8 Kf6 52. d5 Kg7 53. Rxh6 1-0

[Event "Winter Server Series, S81081"]
[Site "CCLA"]
[Date "2018.01.27"]
[Round "?"]
[White "Sanchez, David A."]
[Black "Grandi, Cody"]
[Result "1-0"]
[WhiteElo "1451"]
[BlackElo "1144"]

1. d4 c5 2. c4 e6 3. Nf3 Nf6 4. d5 d6 5. Bg5 e5 6. Nc3 h6 7. Bh4 g5 8. Bg3
e4 9. Nd2 Bf5 10. e3 Na6 11. f3 exf3 12. Qxf3 Bg6 13. a3 Qe7 14. e4 Bg7 
15. Be2 Nh5 16. O-O O-O 17. Rab1 Nxg3 18. Qxg3 b6 19. Bg4 h5 20. Bf5 h4 
21. Qf3 Bxc3 22. Qxc3 Bxf5 23. Rxf5 f6 24. Rbf1 b5 25. Rxf6 b4 26. Qf3 Nc7
27. Rg6+ Kh7 28. Qh5# 1-0

[Event "Winter Server Series, S81081"]
[Site "CCLA"]
[Date "2018.01.27"]
[Round "?"]
[White "Hodgkins, Neil C."]
[Black "Sanchez, David A."]
[Result "0-1"]
[WhiteElo "1462"]
[BlackElo "1451"]

1. d4 d5 2. c4 c6 3. Nc3 Nf6 4. Nf3 e6 5. cxd5 cxd5 6. Bg5 Nc6 7. e3 Bd6 
8. Rc1 Be7 9. Bb5 O-O 10. O-O Bd7 11. Re1 Ne8 12. Bxe7 Qxe7 13. a3 Nd6 14.
 Ne5 Nxe5 15. Bxd7 Nxd7 16. Qb3 Rfc8 17. a4 a6 18. Qb4 Rc7 19. Ne2 Rac8 
20. Rxc7 Rxc7 21. Nf4 Nf5 22. Qxe7 Nxe7 23. h3 Rc2 24. Rb1 Nc6 25. Nd3 
Nxd4 26. exd4 Rd2 27. Ne5 Nxe5 28. dxe5 Rc2 29. b3 Kf8 30. f4 Ke8 31. h4 
Kd7 32. Kh2 Kc6 33. b4 d4 34. Rd1 Kd5 35. Kg3 Ke4 36. h5 Ke3 37. Re1+ Re2 
38. Rd1 d3 39. Rf1 d2 40. Rf3+ Ke4 0-1

[Event "Winter Server Series, S81081"]
[Site "CCLA"]
[Date "2018.01.27"]
[Round "?"]
[White "Hodgkins, Neil C."]
[Black "Fullen, Peter J."]
[Result "1-0"]
[WhiteElo "1462"]
[BlackElo "1352"]

1. d4 g6 2. e4 Bg7 3. Nf3 d6 4. Nc3 a6 5. Bg5 Nd7 6. Bc4 h6 7. Bh4 c5 8. 
O-O Ngf6 9. Re1 O-O 10. d5 Nb6 11. Bd3 Bg4 12. h3 Bxf3 13. Qxf3 Nbd7 14. 
a3 b5 15. b4 Nxe4 16. Bxe4 a5 17. bxc5 dxc5 18. Rab1 f5 19. Bd3 Bxc3 20. 
Bxe7 Qe8 21. Re6 Ne5 22. Qd1 Rf7 23. Bxb5 Qc8 24. Rb3 Qb7 25. Bc6 Qa6 26. 
Bxa8 Qxa8 27. Rxc3 Nd7 28. Rxg6+ Kh7 29. Rcg3 Rxe7 30. Qd2 Qf8 31. d6 1-0

[Event "Winter Server Series, S81081"]
[Site "CCLA"]
[Date "2018.01.27"]
[Round "?"]
[White "Hodgkins, Neil C."]
[Black "Acosta, Errol"]
[Result "1-0"]
[WhiteElo "1462"]
[BlackElo "1312"]

1. d4 e6 2. c4 Nf6 3. Nc3 d5 4. Nf3 Bb4 5. Bg5 Nbd7 6. a3 Bxc3+ 7. bxc3 
dxc4 8. e4 h6 9. Bh4 g5 10. Bg3 Nxe4 11. Rc1 Nb6 12. Qc2 Nxg3 13. hxg3 Qf6
14. Ne5 Ke7 15. Nxc4 Nxc4 16. Bxc4 c6 17. O-O h5 18. Qe4 Bd7 19. f4 g4 20.
 f5 Qh6 21. Rcd1 Rhe8 22. d5 Kd8 23. dxe6 fxe6 24. fxe6 Re7 25. Rxd7+ Rxd7
26. exd7 Qd6 27. Qe8+ Kc7 28. Qxa8 Qxd7 29. Rf7 1-0

[Event "Winter Server Series, S81081"]
[Site "CCLA"]
[Date "2018.01.27"]
[Round "?"]
[White "Hodgkins, Neil C."]
[Black "Simonson, Jay"]
[Result "1-0"]
[WhiteElo "1462"]
[BlackElo "1284"]

1. d4 f5 2. c4 Nf6 3. Nc3 d6 4. Nf3 g6 5. Bg5 Bg7 6. e3 Nc6 7. Be2 O-O 8. 
O-O b6 9. Re1 f4 10. Bxf4 Bf5 11. d5 Nb4 12. Nd4 Rc8 13. Nxf5 gxf5 14. a3 
Na6 15. b4 Ne4 16. Nxe4 Bxa1 17. Qxa1 fxe4 18. Bg4 Rb8 19. f3 Rf6 20. fxe4
e5 21. Bg5 Rf1+ 22. Rxf1 Qxg5 23. Be6+ Kh8 24. Qe1 c6 25. Rf5 Qe7 26. Rf7 
Qg5 27. Qf2 Qh6 28. Rxa7 Rf8 29. Qe2 Rf6 30. Rxa6 c5 31. Rxb6 Rg6 32. Rxd6
Qh4 33. Qf3 Qe1+ 34. Qf1 Qxe3+ 35. Kh1 Qg5 36. g3 Rf6 37. Rd8+ Kg7 38. 
Rg8+ Kh6 39. Qh3+ Qh5 40. Qxh5+ Kxh5 41. bxc5 Rf1+ 42. Kg2 Ra1 43. c6 Rxa3
44. c7 1-0

[Event "Winter Server Series, S81081"]
[Site "CCLA"]
[Date "2018.01.27"]
[Round "?"]
[White "Hodgkins, Neil C."]
[Black "Grandi, Cody"]
[Result "1-0"]
[WhiteElo "1462"]
[BlackElo "1144"]

1. d4 d5 2. c4 e6 3. Nf3 h6 4. Nc3 Bb4 5. Bd2 Nc6 6. cxd5 exd5 7. e3 Bg4 
8. Be2 a6 9. h3 Be6 10. a3 Bd6 11. O-O Nf6 12. Re1 Ne4 13. Qb3 Nxd2 14. 
Nxd2 O-O 15. Nxd5 Bxd5 16. Qxd5 Bh2+ 17. Kxh2 Qxd5 18. Kg1 Rae8 19. Bf3 
Qb5 20. b3 Qd3 21. Red1 Qb5 22. a4 Qb4 23. Bxc6 bxc6 24. Rac1 Qa3 25. Ra1 
Qb2 26. Rab1 Qxb1 27. Rxb1 h5 28. Nc4 Re4 29. Ne5 h4 30. Nxc6 Re6 31. d5 
Rd6 32. e4 Ra8 33. a5 f6 34. f4 Kf8 35. Nd4 g6 36. Ne6+ 1-0

[Event "Winter Server Series, S81081"]
[Site "CCLA"]
[Date "2018.01.27"]
[Round "?"]
[White "Fullen, Peter J."]
[Black "Sanchez, David A."]
[Result "1-0"]
[WhiteElo "1352"]
[BlackElo "1451"]

1. e4 c6 2. d4 d5 3. e5 Bf5 4. Nf3 e6 5. Be2 Nd7 6. O-O Bg6 7. Nbd2 Nh6 8.
 Nb3 Be7 9. Bxh6 gxh6 10. Qd2 Bg5 11. Qb4 Qb6 12. Qxb6 axb6 13. c3 Be7 14.
 Nbd2 b5 15. Bd1 c5 16. b3 c4 17. h3 cxb3 18. Nxb3 Ba3 19. Be2 Bb2 20. 
Rad1 b6 21. Bxb5 Ke7 22. Bd3 Rxa2 23. Bxg6 fxg6 24. Rd2 Rha8 25. Nc1 Bxc1 
26. Rxa2 Rxa2 27. Rxc1 b5 28. Rb1 Ra5 29. Nd2 Nb6 30. Nb3 Ra3 31. Nc5 Na4 
32. Rxb5 Nxc5 33. Rxc5 Kd7 34. c4 1-0

[Event "Winter Server Series, S81081"]
[Site "CCLA"]
[Date "2018.01.27"]
[Round "?"]
[White "Fullen, Peter J."]
[Black "Hodgkins, Neil C."]
[Result "1/2-1/2"]
[WhiteElo "1352"]
[BlackElo "1462"]

1. e4 e5 2. Nf3 Nc6 3. Bb5 a6 4. Ba4 Nf6 5. O-O Be7 6. Re1 b5 7. Bb3 O-O 
8. c3 d6 9. h3 Bb7 10. d4 Na5 11. Nbd2 Nxb3 12. Qxb3 c6 13. c4 Nd7 14. d5 
cxd5 15. cxd5 Nc5 16. Qe3 f5 17. exf5 Rxf5 18. Ne4 Nxe4 19. Qxe4 g6 20. 
Bh6 Bf8 21. Bg5 Qd7 22. Qg4 Bxd5 23. Nh4 Rf7 24. Qxd7 Rxd7 25. b3 Rc8 26. 
Rac1 Rxc1 27. Rxc1 Be7 28. Bxe7 Rxe7 29. Rd1 Bb7 30. Rxd6 1/2-1/2

[Event "Winter Server Series, S81081"]
[Site "CCLA"]
[Date "2018.01.27"]
[Round "?"]
[White "Fullen, Peter J."]
[Black "Acosta, Errol"]
[Result "0-1"]
[WhiteElo "1352"]
[BlackElo "1312"]

1. e4 e6 2. d4 d5 3. e5 c5 4. c3 Nc6 5. Nf3 Bd7 6. Be2 Qc7 7. O-O Be7 8. 
Na3 a6 9. Nc2 f6 10. Bf4 f5 11. Qd2 h6 12. a3 c4 13. Ne3 g5 14. Nxf5 exf5 
15. Nxg5 hxg5 16. Bxg5 O-O-O 0-1

[Event "Winter Server Series, S81081"]
[Site "CCLA"]
[Date "2018.01.27"]
[Round "?"]
[White "Fullen, Peter J."]
[Black "Simonson, Jay"]
[Result "1-0"]
[WhiteElo "1352"]
[BlackElo "1284"]

1. e4 c5 2. Nf3 g6 3. d4 Bg7 4. d5 Nf6 5. Nc3 d6 6. Be2 a6 7. a4 O-O 8. 
O-O Nbd7 9. h3 Nh5 10. Nh2 e6 11. Bxh5 Ne5 12. Bf3 Bd7 13. b3 Nxf3+ 14. 
Nxf3 Bxc3 15. Rb1 Kg7 16. Bd2 Qf6 17. Nh2 Bd4 18. Ng4 Qh4 19. Bh6+ Kg8 20.
 Bxf8 Kxf8 21. b4 exd5 22. bxc5 dxc5 23. Rxb7 Bxg4 24. Qxg4 Qxg4 25. hxg4 
dxe4 26. Re1 Re8 27. Rb6 a5 28. Reb1 Kg7 29. R6b5 e3 30. fxe3 Rxe3 31. Kh1
Rg3 32. Rxa5 Rxg4 33. Rb3 Rh4+ 34. Rh3 Rf4 35. c3 Rf1+ 36. Kh2 Be5+ 37. 
Rg3 Bxg3+ 38. Kxg3 Rf5 39. Rb5 Rg5+ 40. Kf2 Rd5 41. a5 Rd2+ 42. Kg1 Ra2 
43. Rxc5 1-0

[Event "Winter Server Series, S81081"]
[Site "CCLA"]
[Date "2018.01.27"]
[Round "?"]
[White "Fullen, Peter J."]
[Black "Grandi, Cody"]
[Result "1-0"]
[WhiteElo "1352"]
[BlackElo "1144"]

1. e4 e5 2. Nf3 Nc6 3. Bb5 Nf6 4. O-O Bc5 5. c3 a6 6. Ba4 b5 7. Bb3 d6 8. 
d4 Bb6 9. Be3 Be6 10. d5 Bxe3 11. fxe3 Bd7 12. dxc6 Bxc6 13. Nbd2 O-O 14. 
Qc2 a5 15. Qd3 a4 16. Bd5 Nxd5 17. exd5 Bd7 18. Ne4 c6 19. Nxd6 Qe7 20. 
dxc6 Bxc6 21. Nxb5 e4 22. Qc4 exf3 23. Qxc6 fxg2 24. Qxg2 Qxe3+ 25. Rf2 
Rab8 26. Qd5 a3 27. b4 Rbd8 28. Qf3 Qg5+ 29. Qg2 Qxb5 30. Re1 g6 31. Qf3 
Qb6 32. Re7 f5 33. Qb7 Qxb7 34. Rxb7 Rf7 35. Rb6 Rfd7 36. Kg2 Rd2 37. Re6 
R8d3 38. c4 Rb2 39. b5 Rc3 40. Ree2 Rb4 41. Re8+ Kf7 42. Rfe2 Rbxc4 43. b6
Rg4+ 44. Kh1 1-0

[Event "Winter Server Series, S81081"]
[Site "CCLA"]
[Date "2018.01.27"]
[Round "?"]
[White "Acosta, Errol"]
[Black "Sanchez, David A."]
[Result "0-1"]
[WhiteElo "1312"]
[BlackElo "1451"]

1. e4 e5 2. f4 Bc5 3. Nf3 d6 4. Nc3 Nf6 5. d3 Nc6 6. Qe2 Bg4 7. Bd2 Nd4 8.
 Nxd4 Bxe2 9. Bxe2 Bxd4 10. O-O-O Qd7 11. Nd5 Nxd5 12. exd5 O-O-O 13. c3 
Bb6 14. d4 exd4 15. cxd4 Bxd4 16. Kb1 Qf5+ 17. Ka1 Qc2 0-1

[Event "Winter Server Series, S81081"]
[Site "CCLA"]
[Date "2018.01.27"]
[Round "?"]
[White "Acosta, Errol"]
[Black "Hodgkins, Neil C."]
[Result "0-1"]
[WhiteElo "1312"]
[BlackElo "1462"]

1. e4 e5 2. f4 exf4 3. Bc4 Qh4+ 4. Kf1 Nf6 5. Nf3 Qh5 6. Nc3 Qc5 7. Bb3 
Be7 8. d3 d6 9. Bxf4 Be6 10. d4 Qb6 11. Bxe6 fxe6 12. e5 Nfd7 13. Rb1 d5 
14. Ne2 Nc6 15. c3 O-O-O 16. Bd2 Rhf8 17. Nf4 Na5 18. b4 Nc4 19. Bc1 g5 
20. Nd3 g4 21. Nc5 gxf3 22. gxf3 Nxc5 23. dxc5 Qb5 24. Kf2 Nxe5 25. f4 
Bh4+ 26. Ke3 Ng6 27. a4 Qe8 28. Qd4 Rxf4 29. Qd3 Re4+ 30. Kd2 Ne5 31. Qb5 
Qxb5 32. axb5 Rf8 33. Kc2 Rf2+ 34. Kb3 Rf3 35. Bb2 Nc4 36. Bc1 Bf6 0-1

[Event "Winter Server Series, S81081"]
[Site "CCLA"]
[Date "2018.01.27"]
[Round "?"]
[White "Acosta, Errol"]
[Black "Fullen, Peter J."]
[Result "0-1"]
[WhiteElo "1312"]
[BlackElo "1352"]

1. e4 e6 2. d4 d5 3. exd5 exd5 4. Bd3 c5 5. dxc5 Bxc5 6. Nf3 Nf6 7. O-O 
O-O 8. c3 Nc6 9. Bc2 Bg4 10. Qd3 h6 11. b4 Bd6 12. Nbd2 Re8 13. Nb3 Ne4 
14. Nfd4 Ne5 15. Qe3 Qc7 16. Bxe4 dxe4 17. Bb2 Nd3 18. Rab1 Bxh2+ 19. Kh1 
Bf4 20. Nb5 Qc4 21. Qd4 Qc6 22. c4 Be5 23. Qe3 Nxb2 24. Rxb2 Bxb2 25. Nd2 
b6 26. Rb1 Be5 27. Nxe4 Qxc4 28. Na3 Qe2 29. Qxe2 Bxe2 30. Re1 Rad8 31. 
Nc2 Rd1 32. Rxd1 Bxd1 33. Na3 Bb2 34. Nd6 Re1+ 0-1

[Event "Winter Server Series, S81081"]
[Site "CCLA"]
[Date "2018.01.27"]
[Round "?"]
[White "Acosta, Errol"]
[Black "Grandi, Cody"]
[Result "0-1"]
[WhiteElo "1312"]
[BlackElo "1144"]

1. e4 e5 2. f4 exf4 3. Bc4 d5 4. Bxd5 Nf6 5. Nc3 Bg4 6. Nf3 c6 7. Bb3 b5 
8. d4 Bb4 9. O-O O-O 10. Re1 Bxf3 11. gxf3 a5 12. Bxf4 Bxc3 13. bxc3 a4 
14. Bxa4 bxa4 15. Bg5 h6 16. Bh4 g5 17. Bf2 c5 18. d5 Nfd7 19. e5 c4 20. 
Rb1 Qa5 21. e6 Nf6 22. e7 Re8 23. d6 Qf5 24. Rb7 Nbd7 25. Bd4 Qd5 26. Rb1 
Qxd6 27. Qe2 Nd5 28. Qxc4 Rxe7 29. Rxe7 Nxe7 30. Kg2 Nf5 31. Bf2 a3 32. 
Qg4 Qe6 33. Re1 Qxe1 0-1

[Event "Winter Server Series, S81081"]
[Site "CCLA"]
[Date "2018.01.27"]
[Round "?"]
[White "Simonson, Jay"]
[Black "Sanchez, David A."]
[Result "1-0"]
[WhiteElo "1284"]
[BlackElo "1451"]

1. Nf3 d5 2. c4 c6 3. d4 e6 4. e3 Nf6 5. Bd3 dxc4 6. Bxc4 b5 7. Bd3 Nbd7 
8. h3 Bb7 9. O-O a6 10. Nc3 c5 11. d5 c4 12. Be4 Nc5 13. Qd4 Ncxe4 14. 
Nxe4 Bxd5 15. Ned2 Qc7 16. Qc3 Bd6 17. Re1 O-O 18. e4 1-0

[Event "Winter Server Series, S81081"]
[Site "CCLA"]
[Date "2018.01.27"]
[Round "?"]
[White "Simonson, Jay"]
[Black "Hodgkins, Neil C."]
[Result "0-1"]
[WhiteElo "1284"]
[BlackElo "1462"]

1. e4 e5 2. Nf3 Nc6 3. Bc4 Nf6 4. d3 Bc5 5. Ng5 O-O 6. O-O d6 7. Nc3 h6 8.
 Nxf7 Rxf7 9. Bxf7+ Kxf7 10. Nd5 b6 11. h3 Ne7 12. Nxf6 Kxf6 13. Qf3+ Kg6 
14. Qg3+ Kh7 15. Qh4 Qe8 16. Bg5 Ng6 17. Qh5 Bd7 18. c3 b5 19. Rad1 Nf4 
20. Qxe8 Rxe8 21. Bxf4 exf4 22. d4 Bb6 23. e5 dxe5 24. dxe5 Bc6 25. Rfe1 
g5 26. e6 Re7 27. Re5 Kg6 28. Rd8 Kg7 29. g3 fxg3 30. Re2 a5 31. Kf1 gxf2 
32. b3 Bf3 33. Re5 c6 34. Rb8 Kf6 35. Rxb6 Kxe5 0-1

[Event "Winter Server Series, S81081"]
[Site "CCLA"]
[Date "2018.01.27"]
[Round "?"]
[White "Simonson, Jay"]
[Black "Fullen, Peter J."]
[Result "0-1"]
[WhiteElo "1284"]
[BlackElo "1352"]

1. e4 e6 2. d4 d5 3. exd5 exd5 4. c4 Nf6 5. Nc3 Bb4 6. Bg5 O-O 7. Be2 dxc4
8. Nf3 h6 9. Bxh6 gxh6 10. Nh4 Ne4 11. Qc2 Qxh4 12. g3 Bxc3+ 13. bxc3 Qe7 
14. O-O Bf5 15. Bf3 Nxg3 16. Qa4 Nxf1 17. Qxc4 Nxh2 18. Kxh2 Qh4+ 19. Kg1 
Qg5+ 20. Kf1 Bh3+ 21. Ke2 Re8+ 22. Kd3 Bf5+ 0-1

[Event "Winter Server Series, S81081"]
[Site "CCLA"]
[Date "2018.01.27"]
[Round "?"]
[White "Simonson, Jay"]
[Black "Grandi, Cody"]
[Result "1-0"]
[WhiteElo "1284"]
[BlackElo "1144"]

1. e4 e5 2. Nf3 Nc6 3. Bc4 Nf6 4. Ng5 d5 5. exd5 Nd4 6. c3 Nf5 7. Qe2 Nd6 
8. Qxe5+ Be7 9. d3 b5 10. Bb3 O-O 11. O-O h6 12. Bc2 hxg5 13. Bxg5 Nd7 14.
 Bxe7 Nxe5 15. Bxd8 Rxd8 16. h3 a5 17. a4 b4 18. d4 Ng6 19. cxb4 axb4 20. 
Re1 Bd7 21. Re3 Nc4 22. Rg3 Nf4 23. Bd1 Nxd5 24. b3 Na5 25. Nd2 Nc3 26. 
Bf3 c6 27. Re1 Nxb3 28. Nxb3 Rxa4 29. Re7 Ra3 30. Nc5 Ra1+ 31. Kh2 b3 32. 
Nxb3 Bxh3 33. Nxa1 1-0

[Event "Winter Server Series, S81081"]
[Site "CCLA"]
[Date "2018.01.27"]
[Round "?"]
[White "Grandi, Cody"]
[Black "Sanchez, David A."]
[Result "0-1"]
[WhiteElo "1144"]
[BlackElo "1451"]

1. d4 d5 2. Nf3 Nf6 3. Ne5 Ng4 4. Nxg4 Bxg4 5. Nc3 e6 6. h3 Bh5 7. g4 Bg6 
8. h4 h6 9. h5 Bh7 10. a3 Nd7 11. f4 Be7 12. e3 Bh4+ 13. Ke2 f5 14. Bh3 
fxg4 15. Bxg4 Bf5 16. Bxf5 exf5 17. Nxd5 Nf6 18. Rxh4 Nxd5 19. Qh1 c6 20. 
c4 Nf6 21. c5 Ne4 22. Ke1 Qa5+ 23. Kf1 Ng3+ 24. Kg2 Nxh1 25. Rxh1 O-O-O 
26. b4 Qb5 27. Kg3 Qe2 28. Rh2 Qd3 29. Raa2 Rxd4 30. Rhd2 Qxe3+ 31. Kg2 
Rxd2+ 32. Rxd2 Qe1 33. Rc2 Qe4+ 34. Kg3 Qxc2 35. b5 Qe2 36. a4 Rd8 37. 
bxc6 Rd3+ 38. Kh4 Qf2# 0-1

[Event "Winter Server Series, S81081"]
[Site "CCLA"]
[Date "2018.01.27"]
[Round "?"]
[White "Grandi, Cody"]
[Black "Hodgkins, Neil C."]
[Result "0-1"]
[WhiteElo "1144"]
[BlackElo "1462"]

1. e4 c5 2. Nc3 Nc6 3. Nf3 e6 4. Bc4 Nf6 5. d3 g6 6. O-O Bg7 7. e5 Ng4 8. 
Bg5 Ne7 9. Bf4 O-O 10. h3 Nh6 11. d4 b6 12. a4 Nhf5 13. d5 exd5 14. Nxd5 
Nxd5 15. Bxd5 Rb8 16. Be4 Bb7 17. Bxf5 gxf5 18. Qd3 Be4 19. Qe3 Rc8 20. g4
Re8 21. Bg5 f6 22. exf6 Bxf6 23. Bxf6 Qxf6 24. Rad1 Bxc2 25. Qd2 Bxd1 26. 
g5 Qg6 27. Rxd1 Rcd8 28. h4 d5 29. b3 d4 30. Re1 Rxe1+ 31. Nxe1 Re8 32. 
Ng2 Re4 33. f3 Re7 34. Kf2 Kg7 35. Nf4 Qd6 36. h5 h6 37. g6 Re3 0-1

[Event "Winter Server Series, S81081"]
[Site "CCLA"]
[Date "2018.01.27"]
[Round "?"]
[White "Grandi, Cody"]
[Black "Fullen, Peter J."]
[Result "0-1"]
[WhiteElo "1144"]
[BlackElo "1352"]

1. e4 e6 2. d4 d5 3. Nc3 Bb4 4. e5 c5 5. f4 cxd4 6. Qxd4 Nc6 7. Bb5 Qa5 8.
 Bxc6+ bxc6 9. a3 Bc5 10. b4 Bxd4 11. Bb2 Bxc3+ 12. Bxc3 Qb6 13. O-O-O 
Qe3+ 14. Kb2 Qxf4 15. Ne2 Qe4 16. Rhg1 Qxe2 17. Rde1 Qb5 18. g4 a5 19. Rd1
axb4 20. axb4 d4 21. Rxd4 c5 22. Rd3 cxb4 23. Be1 Qxe5+ 24. Kc1 Ra1+ 25. 
Kd2 Qxh2+ 26. Rg2 Qxg2+ 27. Ke3 Ra3 28. Bxb4 Rxd3+ 29. Kxd3 Ba6+ 30. c4 
Qf3+ 31. Kd4 Qxg4+ 32. Kc5 Qxc4+ 0-1

[Event "Winter Server Series, S81081"]
[Site "CCLA"]
[Date "2018.01.27"]
[Round "?"]
[White "Grandi, Cody"]
[Black "Acosta, Errol"]
[Result "0-1"]
[WhiteElo "1144"]
[BlackElo "1312"]

1. d4 e6 2. Nc3 Nf6 3. e4 d5 4. e5 Nfd7 5. f4 c5 6. Nf3 Be7 7. Be3 Nc6 8. 
Qe2 O-O 9. Qd2 f6 10. Bd3 cxd4 11. Nxd4 Nxd4 12. Bxd4 f5 13. a3 a6 14. g3 
Bc5 15. Bxc5 Nxc5 16. b4 Nxd3+ 17. Qxd3 Bd7 18. Nxd5 exd5 19. Qxd5+ Kh8 
20. Qxb7 Bb5 21. Rd1 Qc8 22. Qxc8 Raxc8 23. Kd2 Bc6 24. Rhe1 Be4 25. c3 
Rc4 26. Re3 h6 27. Kc1 Rfc8 28. Kb2 Kh7 29. Rd6 R4c6 30. Rxc6 Rxc6 31. h4 
Kg6 32. a4 Re6 33. a5 Kh5 34. Ka3 Kg4 35. c4 h5 36. c5 Kh3 37. g4+ Kxg4 
38. b5 axb5 39. Kb4 Kxf4 40. Re1 Kxe5 41. Kxb5 Kd4 42. Kb4 f4 43. Rd1+ Bd3
44. Rc1 Rc6 45. Rc3 f3 46. Rxd3+ Kxd3 47. Kb5 Rxc5+ 48. Kxc5 f2 49. a6 
f1=Q 50. Kb5 Kd4+ 51. Kb6 Qxa6+ 52. Kxa6 Ke4 53. Kb6 Kf4 54. Kc6 Kg4 55. 
Kd6 Kxh4 0-1

[Event "Winter Server Series, S81081"]
[Site "CCLA"]
[Date "2018.01.27"]
[Round "?"]
[White "Grandi, Cody"]
[Black "Simonson, Jay"]
[Result "0-1"]
[WhiteElo "1144"]
[BlackElo "1284"]

1. d4 d5 2. Nc3 Bf5 3. Nf3 c6 4. Nh4 Bd7 5. e4 e5 6. Nf3 Bb4 7. dxe5 Bxc3+
8. bxc3 dxe4 9. Bg5 Qa5 10. Nd2 Qxc3 11. Rb1 Qxe5 12. Bh4 e3 13. fxe3 
Qxe3+ 14. Be2 Bg4 15. Rxb7 Nf6 16. Bxf6 gxf6 17. h3 Qg3+ 18. Kf1 Be6 19. 
Ne4 Qf4+ 20. Bf3 Bc4+ 21. Ke1 Qe3+ 22. Be2 Bxe2 23. Qxe2 Qxe2+ 24. Kxe2 
Rg8 25. Nxf6+ Kf8 26. Nxg8 Kxg8 27. Rf1 Na6 28. Rfxf7 Re8+ 29. Kd2 Rc8 30.
 Rxa7 Rd8+ 31. Ke3 Re8+ 32. Kf4 Rf8 33. Ke5 Rxf7 0-1

[Event "Winter Server Series, S81081"]
[Site "CCLA"]
[Date "2018.01.27"]
[Round "?"]
[White "Simonson, Jay"]
[Black "Acosta, Errol"]
[Result "0-1"]
[WhiteElo "1284"]
[BlackElo "1312"]

1. Nf3 g6 2. e4 Bg7 3. d4 e6 4. c3 Ne7 5. Bc4 O-O 6. O-O d6 7. Be3 Nd7 8. 
Ng5 h6 9. Bxe6 hxg5 10. Bxd7 Bxd7 11. Bxg5 f6 12. Be3 Be6 13. Qf3 Bf7 14. 
Nd2 g5 15. Qh3 Ng6 16. b3 Qe7 17. d5 Rae8 18. Rae1 c6 19. dxc6 bxc6 20. 
Bd4 c5 21. Be3 Nf4 22. Bxf4 gxf4 23. Qg4 Qe5 24. Nc4 Bxc4 25. bxc4 Qxc3 
26. Rc1 Qe5 27. Rfe1 f5 28. Kf1 fxg4 29. Rb1 f3 30. Re3 fxg2+ 31. Kxg2 
Rxf2+ 32. Kxf2 Qxh2+ {White forfeited} 0-1

[Event "Winter Server Series, S81081"]
[Site "CCLA"]
[Date "2018.01.27"]
[Round "?"]
[White "Acosta, Errol"]
[Black "Simonson, Jay"]
[Result "1-0"]
[WhiteElo "1312"]
[BlackElo "1284"]

1. e4 c5 2. Nc3 d6 3. f4 Nc6 4. Nf3 g6 5. d3 Bg7 6. Be3 Bg4 7. Qd2 Nf6 8. 
Be2 Nb4 9. O-O-O Qb6 10. Kb1 Qa6 11. a3 Qb6 12. axb4 Qxb4 13. Na2 Qb6 14. 
c3 O-O 15. h3 Bxf3 16. gxf3 Rac8 17. Rhg1 Rc6 18. f5 Rfc8 19. Bh6 c4 20. 
d4 Qa5 21. Bxg7 Kxg7 22. Nb4 Rb6 23. e5 Nd5 24. Nxd5 Qxd5 25. h4 Ra6 26. 
Qc2 Qa5 27. Kc1 Qa1+ 28. Kd2 Qa5 29. Ra1 Qxa1 30. Rxa1 Rxa1 31. Ke3 dxe5 
32. dxe5 f6 33. h5 gxh5 34. f4 fxe5 35. Bxh5 Re1+ 36. Kf2 Rh1 37. Be2 exf4
38. Qd2 Rh4 39. Qd4+ Kh6 40. Bxc4 {Black forfeited} 1-0